| 000 | 00772cab a2200193 4500 | ||
|---|---|---|---|
| 001 | ABS37578 | ||
| 008 | 090401t1987 xxu||||| |||| 00| 0 eng d | ||
| 035 | _a(Sirsi) u5343 | ||
| 041 | _aeng | ||
| 245 | _aElement design guide: Roofs 4 profiled sheet roofs | ||
| 260 | _c1987 | ||
| 350 | _a0 | ||
| 490 |
_aArchitects` Journal _v185(13) 1 April 1987, 49-56(7) |
||
| 520 | _aThe fourth part in the series on roofs indicates the potential of profiled metal and fibre cement sheeting for roofing. Includes information on weather protection fasteners, thermal and condensation problems and noisy roofs. References. (See Abstracts 37483, 37484, 37485). | ||
| 650 | _aROOFING DEFECTS | ||
| 690 | _aBUILT ENVIRONMENT-CONSTRUCTION DESIGN | ||
| 942 | _n0 | ||
| 948 | _c04/03/1997 | ||
| 999 |
_c3178 _d3178 |
||